| 000 | 00442ntaaa2200181 4500 | ||
|---|---|---|---|
| 003 | 01 | ||
| 005 | 20251027201038.0 | ||
| 008 | 0714s1973 ag 01 | ||
| 040 |
_aAR-BaBN _bspa _cAR-BaBN _eaacr _dRIC |
||
| 082 | _a170 D51 | ||
| 100 |
_aDewey, John _97046 |
||
| 245 |
_aTeoría de la vida moral / _cJohn Dewey |
||
| 250 | _a1 ed. | ||
| 260 |
_aMéxico : _bHerrero Hermanos, _cc/1960 |
||
| 300 | _a213 p. | ||
| 650 |
_aEtica _92820 |
||
| 942 | _cBK | ||
| 999 |
_c4605 _d4605 |
||